Sitios de las cordilleras y monumentos de los pueblos indígenas de América
Shranjeno v:
| Glavni avtor: | |
|---|---|
| Format: | Knjiga |
| Jezik: | španščina |
| Izdano: |
Madrid
Imprenta y Librería de Gaspar
1878
|
| Izdaja: | 3a. ed |
| Serija: | Obras de Alejandro de Humboldt
|
| Teme: | |
| Oznake: |
Označite
Brez oznak, prvi označite!
|
MARC
| LEADER | 00000nam a2200000 a 4500 | ||
|---|---|---|---|
| 001 | UCJ4136 | ||
| 003 | CL-VaPUC | ||
| 008 | 070124e18780000SP |||||||||||||||||spa|d | ||
| 082 | 0 | 4 | |a 910.4 |b HUM |2 21 |
| 100 | 0 | |a Humboldt, Federico Enrique Alejandro, Barón de |e author |9 507151 | |
| 245 | 1 | 0 | |a Sitios de las cordilleras y monumentos de los pueblos indígenas de América |
| 250 | |a 3a. ed | ||
| 300 | |a 436 p | ||
| 942 | |c BK | ||
| 945 | |d 20070124 00:00:00 |a rinostro | ||
| 260 | |a Madrid |b Imprenta y Librería de Gaspar |c 1878 | ||
| 500 | |a Ilustraciones | ||
| 650 | 0 | |a Geología |9 260984 | |
| 650 | 7 | |a OROGRAFIA |2 CL-VaPUC |9 267347 | |
| 650 | 0 | |a Volcanismo |9 505517 | |
| 650 | 0 | |a Civilización azteca |9 450747 | |
| 650 | 0 | |a Arquitectura |9 804558 | |
| 650 | 0 | |a Arqueología |9 265619 | |
| 650 | 7 | |a CALENDARIO AZTECA |2 CL-VaPUC |9 507153 | |
| 650 | 7 | |a JEROGLIFICOS |2 CL-VaPUC |9 265779 | |
| 650 | 7 | |a ESCRITURAS PRIMITIVAS |2 CL-VaPUC |9 507154 | |
| 650 | 0 | |a Religión |9 255164 | |
| 650 | 7 | |a MITOLOGIA AZTECA |2 CL-VaPUC |9 320300 | |
| 650 | 7 | |a INCAS |2 CL-VaPUC |9 256565 | |
| 650 | 0 | |a Culturas precolombinas |9 408769 | |
| 651 | 0 | |a México |9 255269 | |
| 651 | 0 | |a Perú |9 256567 | |
| 651 | 0 | |a Colombia |9 256424 | |
| 583 | |a last modification |c 20070124 00:00:00 |k Rodrigo Vera | ||
| 490 | 0 | |a Obras de Alejandro de Humboldt | |
| 999 | |c 320253 |d 320251 | ||
| 952 | |0 0 |1 0 |4 0 |6 910_400000000000000_HUM_1878 |7 0 |8 X |9 398737 |a FDOBUD |b FDOBUD |d 2019-11-22 |i 1014358 |o 910.4 HUM 1878 |p 1014358 |r 2019-11-22 |w 2019-11-22 |y BK_X |k BUD | ||